000 nam a22 a 4500
999 _c1891
_d1891
003 AKMAL
005 20170512114310.0
008 170512r1987 xxk 00 eng d
020 _a0406013446
_cFree
040 _aAKMAL
082 0 4 _a346.4102 FUR
090 2 0 _a346.4102
_bFUR
100 1 _aFurmston, M. P.
_93739
245 1 0 _aCheshire, Fitoot and Furmston's Law of Contract /
_cM.P. Furmston ; historical introduction A.W.B. Simpson
250 _a12th ed
260 _aEdinburgh :
_bButterworth,
_c1988
300 _aliii,693p. ;
_c25cm
500 _aIncludes index
650 _aContracts
_zGreat Britain
_93919
700 1 _aSimpson, A.W.B.
_93928
942 _2ddc
_cBOOK